Scientific computing : (Record no. 591517)
[ view plain ]
| 000 -LEADER | |
|---|---|
| fixed length control field | 01120nam a22002895i 4500 |
| 001 - CONTROL NUMBER | |
| control field | 20600887 |
| 003 - CONTROL NUMBER IDENTIFIER | |
| control field | NUST |
| 005 - DATE AND TIME OF LATEST TRANSACTION | |
| control field | 20221006084227.0 |
| 008 - FIXED-LENGTH DATA ELEMENTS--GENERAL INFORMATION | |
| fixed length control field | 180726s2018 nyu 000 0 eng |
| 010 ## - LIBRARY OF CONGRESS CONTROL NUMBER | |
| LC control number | 2018953059 |
| 020 ## - INTERNATIONAL STANDARD BOOK NUMBER | |
| International Standard Book Number | 9783319698465 |
| 040 ## - CATALOGING SOURCE | |
| Original cataloging agency | DLC |
| Language of cataloging | eng |
| Description conventions | rda |
| Transcribing agency | DLC |
| 042 ## - AUTHENTICATION CODE | |
| Authentication code | pcc |
| 082 ## - DEWEY DECIMAL CLASSIFICATION NUMBER | |
| Classification number | 518, GUS |
| 245 00 - TITLE STATEMENT | |
| Title | Scientific computing : |
| Remainder of title | a historical perspective / |
| Statement of responsibility, etc. | [edited by] Bertil Gustafsson. |
| 250 ## - EDITION STATEMENT | |
| Edition statement | 1st edition. |
| 263 ## - PROJECTED PUBLICATION DATE | |
| Projected publication date | 1808 |
| 264 #1 - PRODUCTION, PUBLICATION, DISTRIBUTION, MANUFACTURE, AND COPYRIGHT NOTICE | |
| Place of production, publication, distribution, manufacture | New York, NY : |
| Name of producer, publisher, distributor, manufacturer | Springer Berlin Heidelberg, |
| Date of production, publication, distribution, manufacture, or copyright notice | 2018. |
| 300 ## - PHYSICAL DESCRIPTION | |
| Extent | xiii, 253:pages |
| 336 ## - CONTENT TYPE | |
| Content type term | text |
| Content type code | txt |
| Source | rdacontent |
| 337 ## - MEDIA TYPE | |
| Media type term | unmediated |
| Media type code | n |
| Source | rdamedia |
| 338 ## - CARRIER TYPE | |
| Carrier type term | volume |
| Carrier type code | nc |
| Source | rdacarrier |
| 505 ## - FORMATTED CONTENTS NOTE | |
| Formatted contents note | Scientific Computing: An Introduction (Page-1), Computation Far Back in Time (Page-5),The Centuries Before Computers (Page-17),The Beginning of the Computer Era (Page-89),The Establishment of Scientific Computing as a New Discipline (Page-133),Impact of Numerical Analysis and Scientific Computing (Page-233). |
| 906 ## - LOCAL DATA ELEMENT F, LDF (RLIN) | |
| a | 0 |
| b | ibc |
| c | orignew |
| d | 2 |
| e | epcn |
| f | 20 |
| g | y-gencatlg |
| 942 ## - ADDED ENTRY ELEMENTS (KOHA) | |
| Source of classification or shelving scheme | |
| Koha item type | Book |
| Withdrawn status | Lost status | Source of classification or shelving scheme | Damaged status | Not for loan | Permanent Location | Current Location | Shelving location | Date acquired | Full call number | Barcode | Date last seen | Price effective from | Koha item type | Public note |
|---|---|---|---|---|---|---|---|---|---|---|---|---|---|---|
| Military College of Signals (MCS) | Military College of Signals (MCS) | Reference | 10/06/2022 | 518,GUS | MCS38378 | 10/06/2022 | 10/06/2022 | Book | Almirah Fresh No.44, Shelf No.6 |
